00504 a2200145 4500010001400000020002300014035001300037037001600050082001300066100002000079245009900099260004200198270009500240300002300335 aENG-89911 a8185578885c125.00 aEN-73444 bDBAD / PUB14a618.9261 aMehta, Kumud P.1 a Common, uncommon and complicated kidney diseases in children-case studies/cby Kumud P. Mehta aDelhibBhalani Publishing Housec2008 a11 Mavawala Building, Opp. KEM Hospital , Parel,bMumbaicMumbaie400012mbhalani@vsnl.com a86p.c25 cm (pbk)